000 00374nam a2200133Ia 4500
005 20260326235447.0
008 260326s9999||||xx |||||||||||||| ||und||
100 _aSeeling, Michael Y.
245 4 _aThe Architecture of self-help communities /
_cMichael Y. Seeling
260 _bArchitectural Record
300 _a205 p.
650 _aVIVIENDA DE INTERÉS SOCIAL
942 _cBK
999 _c7633
_d7633